Reserve Bank of India Grade B officers phase-I exam 2017 (Record no. 9405)

MARC details
000 -LEADER
fixed length control field 00423cam a2200169ua 4500
008 - FIXED-LENGTH DATA ELEMENTS--GENERAL INFORMATION
fixed length control field 190130n ii |||gr||||Z||||||eng
020 ## - INTERNATIONAL STANDARD BOOK NUMBER
International Standard Book Number 9789311127521
040 ## - CATALOGING SOURCE
Transcribing agency MAIN
041 ## - LANGUAGE CODE
-- eng
082 ## - DEWEY DECIMAL CLASSIFICATION NUMBER
Classification number 030
245 ## - TITLE STATEMENT
Title Reserve Bank of India Grade B officers phase-I exam 2017
260 ## - PUBLICATION, DISTRIBUTION, ETC.
Place of publication, distribution, etc. Meerut:
Name of publisher, distributor, etc. Arihant,
Date of publication, distribution, etc. 2017.
942 ## - ADDED ENTRY ELEMENTS (KOHA)
Koha item type Books
653 ## - INDEX TERM--UNCONTROLLED
Uncontrolled term General encyclopedic works
653 ## - INDEX TERM--UNCONTROLLED
Uncontrolled term General knowledge
Holdings
Withdrawn status Lost status Damaged status Not for loan Home library Current library Shelving location Date acquired Total Checkouts Full call number Barcode Date last seen Copy number Price effective from Koha item type
        Naharkatiya College Library Naharkatiya College Library General Stacks 19/09/2020   030 | RES 25274 19/09/2020 1 19/09/2020 Books

Naharkatiya College © 2020. All rights reserved.

Powered By